000 00476cam a2200193ua 4500
020 _c1.50
041 _amal
_h
082 _a894.812 09
_bTHO/UY
100 _aThomas, C J .
245 _aUyarunna yavanika /
_cC J Thomas.
_hTextual Documents
250 _a1 /
_b.
260 _aKottayam :
_bSahitya Pravarthaka Co-operative Society ,
_c1964.
300 _a109 ; .
365 _a1.50
504 _a
942 _cBK
999 _c6673
_d6673